Thermodynamics (Record no. 8344)

000 -LEADER
fixed length control field 00603nam a2200217 i 4500
001 - CONTROL NUMBER
control field 8344
003 - CONTROL NUMBER IDENTIFIER
control field BD-DhUET
008 - FIXED-LENGTH DATA ELEMENTS--GENERAL INFORMATION
fixed length control field 770308s1978 nyua b 001 0 eng
020 ## - INTERNATIONAL STANDARD BOOK NUMBER
International Standard Book Number 0023355301
040 ## - CATALOGING SOURCE
Original cataloging agency DLC
Transcribing agency DLC
Modifying agency BD-DhUET
082 ## - DEWEY DECIMAL CLASSIFICATION NUMBER
Classification number 621.01
Item number FAI/1970
100 ## - MAIN ENTRY--PERSONAL NAME
Personal name Faires, Virgil Moring
245 10 - TITLE STATEMENT
Title Thermodynamics
Statement of responsibility, etc. by Virgil Moring Faires and Clifford Max Simmang
250 ## - EDITION STATEMENT
Edition statement 6th ed.
260 ## - PUBLICATION, DISTRIBUTION, ETC. (IMPRINT)
Place of publication, distribution, etc. New York
Name of publisher, distributor, etc. Macmillan
Date of publication, distribution, etc. 1970
300 ## - PHYSICAL DESCRIPTION
Extent xxiii, 647 p.
Other physical details ill.
Dimensions 26 cm.
504 ## - BIBLIOGRAPHY, ETC. NOTE
Bibliography, etc Includes bibliographies
650 #0 - SUBJECT ADDED ENTRY--TOPICAL TERM
Topical term or geographic name as entry element Thermodynamics
700 ## - ADDED ENTRY--PERSONAL NAME
Personal name Simmang, Clifford Max
942 ## - ADDED ENTRY ELEMENTS (KOHA)
Koha item type General Book
Holdings
Lost status Date acquired Price effective from Shelving location Withdrawn status Koha date last seen Damaged status Not for loan Location (home branch) Koha item type Piece designation (barcode) Source of classification or shelving scheme Koha full call number Copy number Sublocation or collection (holding branch) Koha normalized classification for sorting
 2015-01-202015-01-20Circulation section 2015-01-20  Central Library, BUETGeneral Book42943 621.01/FAI/19781Central Library, BUET621_010000000000000_FAI_1978
 1985-06-112024-12-11Rental section 2024-12-11  Central Library, BUETRental Item63135 621.01 FAI/1970৬/ক-১Central Library, BUET621_010000000000000_FAI_1970
 1985-06-112024-12-11Rental section 2024-12-11  Central Library, BUETRental Item63136 621.01 FAI/1970৬/ক-২Central Library, BUET621_010000000000000_FAI_1970
 1985-06-112024-12-11Rental section 2024-12-11  Central Library, BUETRental Item63137 621.01 FAI/1970৬/ক-৩Central Library, BUET621_010000000000000_FAI_1970
 1985-06-112024-12-11Rental section 2024-12-11  Central Library, BUETRental Item63138 621.01 FAI/1970৬/ক-৪Central Library, BUET621_010000000000000_FAI_1970
 1985-06-112024-12-11Rental section 2024-12-11  Central Library, BUETRental Item63139 621.01 FAI/1970৬/ক-৫Central Library, BUET621_010000000000000_FAI_1970
 1985-06-112024-12-11Rental section 2024-12-11  Central Library, BUETRental Item63140 621.01 FAI/1970৬/ক-৬Central Library, BUET621_010000000000000_FAI_1970
 1985-06-112024-12-11Rental section 2024-12-11  Central Library, BUETRental Item63141 621.01 FAI/1970৬/ক-৭Central Library, BUET621_010000000000000_FAI_1970
 1985-06-112024-12-11Rental section 2024-12-11  Central Library, BUETRental Item63142 621.01 FAI/1970৬/ক-৮Central Library, BUET621_010000000000000_FAI_1970
 1985-06-112024-12-11Rental section 2024-12-11  Central Library, BUETRental Item63143 621.01 FAI/1970৬/ক-৯Central Library, BUET621_010000000000000_FAI_1970
 1985-06-112024-12-11Rental section 2024-12-11  Central Library, BUETRental Item63144 621.01 FAI/1970৬/ক-১০Central Library, BUET621_010000000000000_FAI_1970
 1985-06-112024-12-11Rental section 2024-12-11  Central Library, BUETRental Item63145 621.01 FAI/1970৬/ক-১১Central Library, BUET621_010000000000000_FAI_1970
 1985-06-112024-12-11Rental section 2024-12-11  Central Library, BUETRental Item63146 621.01 FAI/1970৬/ক-১২Central Library, BUET621_010000000000000_FAI_1970
 1985-06-112024-12-11Rental section 2024-12-11  Central Library, BUETRental Item63147 621.01 FAI/1970৬/ক-১৩Central Library, BUET621_010000000000000_FAI_1970
 1985-06-112024-12-11Rental section 2024-12-11  Central Library, BUETRental Item63148 621.01 FAI/1970৬/ক-১৪Central Library, BUET621_010000000000000_FAI_1970
 1985-06-112024-12-11Rental section 2024-12-11  Central Library, BUETRental Item63149 621.01 FAI/1970৬/ক-১৫Central Library, BUET621_010000000000000_FAI_1970
 1985-06-112024-12-11Rental section 2024-12-11  Central Library, BUETRental Item63150 621.01 FAI/1970৬/ক-১৬Central Library, BUET621_010000000000000_FAI_1970
 1985-06-112024-12-11Rental section 2024-12-11  Central Library, BUETRental Item63151 621.01 FAI/1970৬/ক-১৭Central Library, BUET621_010000000000000_FAI_1970
 1985-06-112024-12-11Rental section 2024-12-11  Central Library, BUETRental Item63152 621.01 FAI/1970৬/ক-১৮Central Library, BUET621_010000000000000_FAI_1970
 1985-06-112024-12-11Rental section 2024-12-11  Central Library, BUETRental Item63153 621.01 FAI/1970৬/ক-১৯Central Library, BUET621_010000000000000_FAI_1970
 1985-06-112024-12-11Rental section 2024-12-11  Central Library, BUETRental Item63154 621.01 FAI/1970৬/ক-২০Central Library, BUET621_010000000000000_FAI_1970